| 000 | 00598nam a2200121Ia 4500 | ||
|---|---|---|---|
| 008 | 171212s9999 xx 000 0 und d | ||
| 020 | _a9781925022117 | ||
| 245 |
_ceditor Ball, Desmond;Lee, Sheryn _aPower and International relations _bEssays in Honour of Coral Bell |
||
| 260 |
_bANU E Press _c2014 |
||
| 650 | _aBell, Coral; Bell, Coral -- Childhood and youth; Country life -- Victoria -- Ecklin South; Women college teachers -- Australia; Women authors -- Australia; International relations -- 21st century; Festschriften | ||
| 650 | _aHistory | ||
| 856 | _uhttp://www.jstor.org/stable/j.ctt13wwvkp | ||
| 999 |
_c351266 _d351266 |
||